000 00755cam a22002414a 4500
001 12789495
005 20180116090108.0
008 020528s2003 maua b 001 0 eng
010 _a 2002071946
020 _a0072554436 (acidfree paper)
040 _aDLC
_cDLC
_dDLC
041 _aeng
042 _apcc
080 _a303.385 PLO
082 0 0 _a303.385 PLO
_221
100 _a14
101 _aJUR
245 0 0 _aUnderstanding prejudice and discrimination /
_cedited by Scott Plous.
504 _aIncludes bibliographical references (p. 563-586) and index.
906 _a7
_bcbc
_corignew
_d1
_eocip
_f20
_gy-gencatlg
942 _2ddc
_cBK
999 _c40382
_d40382